| 000 | 01777nam0a2200337 4500 | ||
|---|---|---|---|
| 001 | RU\NLR\bibl\1768033 | ||
| 005 | 20250616130518.0 | ||
| 010 |
_a978-5-9795-0681-4 _970 |
||
| 021 |
_aRU _b2011-29440 _92088 |
||
| 035 | _a(NLR Aleph) 001758822 | ||
| 090 |
_a1565390 _c1565390 |
||
| 100 | _a20110511d2010 |||y0rusy50 ca | ||
| 101 | 0 | _arus | |
| 102 | _aRU | ||
| 105 | _aa ||||||||| | ||
| 200 | 1 |
_aДинамические процессы в металлорежущих станках, их виброустойчивость и расчет динамических характеристик несущих систем методом конечных элементов _fЮ.В. Кирилин, Н.В. Еремин _gМ-во образования и науки Рос. Федерации, Гос. образоват. учреждение высш. и проф. образования Ульян. гос. техн. ун-т |
|
| 210 |
_aУльяновск _cУльяновский государственный технический университет _d2010 |
||
| 215 |
_a249 с. _cил. _d21 |
||
| 320 | _aБиблиогр.: с. 247-249 (43 назв.) | ||
| 606 | 1 |
_aМеталлорежущие станки _xДетали базовые _xПроектирование _92165330 _3RU\NLR\auth\661302899 |
|
| 606 | 1 |
_aANSYS, пакет прикладных программ _92261856 _3RU\NLR\auth\661356128 |
|
| 686 | _aК63-52-041.8-02 | ||
| 700 | 1 |
_aКирилин _bЮ. В. _gЮрий Васильевич _4070 |
|
| 701 | 1 |
_aЕремин _bН. В. _gНиколай Викторович _4070 |
|
| 801 | 0 |
_aRU _bNLR _c20110511 _gRCR |
|
| 801 | 1 |
_aRU _bNLR _c20110511 |
|
| 830 | _aавт. по кн. | ||
| 942 | _cBOOK | ||
| 980 | _aNB | ||
| 980 | _aNBR | ||